Estatísticas para Whithout You

Clique aqui para jogar o quiz

Estatísticas Gerais

  • Esse quiz foi jogado 5 vezes
  • A pontuação média é 12 de 36

Estatísticas das Respostas

HintResposta% Correto
If living is without youSe viver é sem você
75%
If living is without youSe viver é sem você
75%
If living is without youSe viver é sem você
75%
If living is without youSe viver é sem você
75%
If living is without youSe viver é sem você
75%
I can't liveEu não posso viver
50%
I can't liveEu não posso viver
50%
I can't liveEu não posso viver
50%
I can't liveEu não posso viver
50%
I can't liveEu não posso viver
50%
I can't liveEu não posso viver
50%
I can't liveEu não posso viver
50%
I can't liveEu não posso viver
50%
I can't liveEu não posso viver
50%
No , I can't forget tomorrowNão , eu não posso esquecer o amanhã
50%
No no no no I can't liveNão não não não eu não posso viver
50%
Yes, it showsSim , mostra
50%
Yes, it showsSim , mostra
50%
I can't give anymoreEu não posso dar mais
25%
I can't give anymoreEu não posso dar mais
25%
I can't give anymoreEu não posso dar mais
25%
I can't give anymoreEu não posso dar mais
25%
I can't give anymoreEu não posso dar mais
25%
What you should knowO que você deveria saber
25%
Well, I can't forget this evening or your face as you were leavingBem, eu não posso esquecer esta noite ou seu rosto quando você estava saindo
0%
And now it's only fair that I should let you knowE agora é justo que eu deva informá-lo
0%
I can't giveEu não posso dar
0%
But I guess that's just the way the story goesMas acho que é assim que a história continua
0%
But I guess that's just the way the story goesMas acho que é assim que a história continua
0%
No I can't forget this evening or your face as you were leavingNão, eu não posso esquecer esta noite ou seu rosto quando você estava saindo
0%
When I had you there but then I let you goQuando eu te tive lá mas depois te deixei ir
0%
When I think of all my sorrowQuando penso em toda a minha tristeza
0%
Your sorrow showsSua tristeza mostra
0%
Your sorrow showsSua tristeza mostra
0%
You always smile, but in your eyesVocê sempre sorri, mas em seus olhos
0%
You always smile, but in your eyesVocê sempre sorri, mas em seus olhos
0%

Distribuição das Pontuações

Percentil de Números Respondidos

Porcentagem de Pessoas com Cada Pontuação

Sua Pontuação Histórica

Você não jogou esse quiz